NBA Coaches with the Most Rings - Statistics

General Stats
  • This quiz has been taken 15 times
  • The average score is 4 of 6
Answer Stats
Rings Coach % Correct
11 Phil Jackson
92%
5 Pat Riley
85%
5 Gregg Popovich
77%
9 Red Auerbach
77%
4 Steve Kerr
77%
5 John Kundla
8%
No matching quizzes found
Score Distribution
Percent of People with Each Score
Percentile by Number Answered
Your Score History
You have not taken this quiz